000 00538nam a22002057a 4500
003 OSt
005 20220107122730.0
008 140219b xxu||||| |||| 00| 0 eng d
020 _a9788126529452
040 _cIIITM-K
082 _a658 BEL/M
100 _aBell, Arthur H
_93075
245 _aManagement communication
_cby Arthur H Bell; Dayle M Smith
250 _a3rd ed.
260 _aNew Delhi,
_bWiley,
_c2010.
300 _ax, 588p.
650 _aMANAGEMENT
_93076
650 _aMANAGEMENT COMMUNICATION
_93077
942 _2ddc
_cBK
999 _c3565
_d3565